حسان بن ثابت : ;; Ḥassān ibn Thābit : (Record no. 78441)
[ view plain ]
| 000 -LEADER | |
|---|---|
| fixed length control field | 00821nam a2200229 a 4500 |
| 001 - CONTROL NUMBER | |
| control field | 78441 |
| 003 - CONTROL NUMBER IDENTIFIER | |
| rucl marc code | BD-RjUL |
| 005 - DATE AND TIME OF LATEST TRANSACTION | |
| control field | 20211209083129.0 |
| 008 - FIXED-LENGTH DATA ELEMENTS--GENERAL INFORMATION | |
| fixed length control field | 200923s2010 bg b b 00010dara d |
| 035 ## - SYSTEM CONTROL NUMBER | |
| System control number | (BD-RjUL)78667 |
| 040 ## - CATALOGING SOURCE | |
| Original cataloging agency | CtY |
| Transcribing agency | CtY |
| Modifying agency | UkOxU |
| Language of cataloging | eng |
| 041 ## - LANGUAGE CODE | |
| Language code of text/sound track or separate title | ara |
| 066 ## - CHARACTER SETS PRESENT | |
| Alternate G0 or G1 character set | (3 |
| 082 ## - DEWEY DECIMAL CLASSIFICATION NUMBER | |
| Edition number | 23 |
| Classification number | 892.7109 |
| Author mark and year | MAH 2010 |
| 100 1# - MAIN ENTRY--PERSONAL NAME | |
| Personal name | مسود, افتخرل العالم ;; Masud, Iftikharrul Alam |
| 9 (RLIN) | 248319 |
| 245 10 - TITLE STATEMENT | |
| Title | حسان بن ثابت : ;; Ḥassān ibn Thābit : |
| Remainder of title | حياته وشعره / ;; ḥayātuhu wa-shiʿruh / |
| Statement of responsibility, etc. | افتخرل العالم مسود , ;; Iftikharul Alam Masud |
| 260 ## - PUBLICATION, DISTRIBUTION, ETC. (IMPRINT) | |
| Place of publication, distribution, etc. | bangladesh : |
| Name of publisher, distributor, etc. | CIERP, |
| Date of publication, distribution, etc. | 2000 |
| 300 ## - PHYSICAL DESCRIPTION | |
| Pagination | 300 p. : |
| Illustrations | map. ; |
| Size | 24 cm. |
| 504 ## - BIBLIOGRAPHY, ETC. NOTE | |
| Bibliography, etc | Includes bibliographical references (p. 224-229) |
| 600 00 - SUBJECT ADDED ENTRY--PERSONAL NAME | |
| Personal name | Ḥassān ibn Thābit, |
| Dates associated with a name | -674. |
| 942 ## - ADDED ENTRY ELEMENTS (KOHA) | |
| Source of classification or shelving scheme | Dewey Decimal Classification |
| Koha item type | Books |
| Lost status | Source of classification or shelving scheme | Damaged status | Not for loan | Collection code | Permanent Location | Current Location | Shelving location | Date acquired | Cost, normal purchase price | Total Checkouts | Full call number | Date last seen | Copy number | Koha item type | Source of acquisition |
|---|---|---|---|---|---|---|---|---|---|---|---|---|---|---|---|
| Dewey Decimal Classification | Not For Loan | Non-fiction | Central Library, University of Rajshahi | Central Library, University of Rajshahi | Reading Room | 22/09/2021 | 300.00 | A 892.7109 MAH 2010 | 22/09/2021 | C-1 | Books | ||||
| Dewey Decimal Classification | Not For Loan | Non-fiction | Central Library, University of Rajshahi | Central Library, University of Rajshahi | 11/10/2021 | 300.00 | A 892.7109 MAH 2010 | 11/10/2021 | C-2 | Books | Athor |